000 00227nam a22001097a 4500
020 _a1740475860
082 _a823
_bWAR/T
100 _aWARD, SYLVIA
245 _aTHE GINGERBREAD MAN
650 _aENGLISH SHORT STORY
942 _cBK
999 _c3331
_d3331